000
00279nam a22001337a 4500
020
_a
81-7992-218-9
082
_a
823
_b
HEN/F
100
_a
O'HENRY
245
_a
5 AMERICAN MASTERS
260
_a
MUMBAI
_b
JAICO BOOKS
_c
2003
300
_a
282
650
_a
NOVEL
_z
INDIA
942
_c
BK
999
_c
3302
_d
3302